|
|
|
|
| LEADER |
00000cam a2200000 4500 |
| 001 |
vtls011893109 |
| 003 |
SK-MaSNL |
| 005 |
20260301144919.0 |
| 008 |
200507s2019 xo grn 000 e cze |
| 015 |
|
|
|a SNBA2020/01
|
| 020 |
|
|
|a 9788097321437
|q (brožované)
|
| 035 |
|
|
|a urn:nbn:sk:snk-am00dx5o
|
| 035 |
|
|
|a urn:nbn:sk:snk-am3i898
|
| 035 |
|
|
|a 34393B1A-14D1-4C1D-9A79-26D3D702C437
|
| 040 |
|
|
|a SNK
|b slo
|c SNK
|e rda
|
| 041 |
1 |
|
|a cze
|h eng
|
| 044 |
|
|
|a xo
|c SK
|
| 072 |
|
7 |
|a 27-1/-2
|x Kresťanská teológia. Dogmatická teológia
|2 konspekt
|
| 080 |
|
|
|a 27-14:27-423.79
|2 2011
|
| 080 |
|
|
|a 2-184
|2 2011
|
| 080 |
|
|
|a 27-4
|2 2011
|
| 080 |
|
|
|a 2-277.2
|2 2011
|
| 080 |
|
|
|a (0:82-32)
|2 2011
|
| 080 |
|
|
|a (0.062)
|2 2011
|
| 100 |
1 |
|
|a Hoxar, Robert de
|4 aut
|9 439733
|
| 240 |
1 |
0 |
|a Living in father's love
|l Slovensky
|
| 245 |
1 |
0 |
|a Život v otcově lásce
|c Robert a Vicki de Hoxar ; překlad: Magdaléna Šobáňová
|
| 250 |
|
|
|a První vydání
|
| 264 |
|
1 |
|a [Obyce]
|b Otcovo srdce pre Slovensko
|c 2019
|
| 300 |
|
|
|a 213 strán
|c 24 cm
|
| 336 |
|
|
|a text
|b txt
|2 rdacontent
|
| 337 |
|
|
|a bez média
|b n
|2 rdamedia
|
| 338 |
|
|
|a zväzok
|b nc
|2 rdacarrier
|
| 500 |
|
|
|a Preložené z angličtiny
|
| 500 |
|
|
|a Miesto vydania podľa NA ISBN
|
| 500 |
|
|
|a Obsahuje biografické údaje na zadnom obale
|
| 504 |
|
|
|a Obsahuje bibliografické odkazy
|
| 650 |
0 |
7 |
|a Božia láska
|2 SNKPH
|9 83540
|
| 650 |
0 |
7 |
|a God's love
|2 SNKPHeng
|9 304357
|
| 650 |
0 |
7 |
|a Boh a človek
|2 SNKPH
|9 1711
|
| 650 |
0 |
7 |
|a Relations between God and man
|2 SNKPHeng
|9 303193
|
| 650 |
0 |
7 |
|a kresťanský život
|2 SNKPH
|9 1808
|
| 650 |
0 |
7 |
|a Christian life
|2 SNKPHeng
|9 265582
|
| 650 |
0 |
7 |
|a biblické citáty
|2 SNKPH
|9 1914
|
| 650 |
0 |
7 |
|a Biblical quotations
|2 SNKPHeng
|9 268253
|
| 655 |
|
7 |
|a príbehy
|2 SNKPH
|9 70507
|
| 655 |
|
7 |
|a Stories
|2 SNKPHeng
|9 265785
|
| 655 |
|
7 |
|a populárno-náučné publikácie
|2 SNKPH
|9 70460
|
| 655 |
|
7 |
|a Popular works
|2 SNKPHeng
|9 90287
|
| 700 |
1 |
|
|a Hoxar, Vicki de
|4 aut
|9 439734
|
| 700 |
1 |
|
|a Šobáňová, Magdaléna
|4 trl
|9 503918
|
| 919 |
|
|
|a 978-80-973214-3-7
|
| 958 |
|
|
|a LX
|
| 958 |
|
|
|a NB
|
| 958 |
|
|
|a NT
|
| 958 |
|
|
|a UP
|
| 968 |
|
|
|b ENG
|
| 999 |
|
|
|c 778570
|d 780500
|
| 952 |
|
|
|a SNK
|b SNK
|y PREZ
|7 0
|p 17A1413148
|o snkSC 187274
|i snk2019/32540
|8 0
|0 0
|1 0
|4 0
|d 2019-12-19
|f 1
|l 0
|r 2026-02-24 00:56:51
|w 2026-02-24
|
| 952 |
|
|
|a SNK
|b SNK
|y VYP
|7 0
|p 17A1413149
|o snkSC 187274 D1
|i snk2019/32541
|8 0
|0 0
|1 0
|4 0
|d 2019-12-19
|l 0
|r 2026-02-24 00:56:51
|w 2026-02-24
|